Statistics for Municipalities of Eau Claire County, Wisconsin

Click here to take the quiz!

General Stats

  • This quiz has been taken 71 times
  • The average score is 5 of 19

Answers on the Map

Answers color-coded by a green-red scale on the quiz's map according to % correct below.
 

Answer Stats

Answer% Correct
City of Eau Claire
100%
City of Altoona
31%
Town of Lincoln
27%
Census Designated Place of Seymour
25%
City of Augusta
25%
Town of Seymour
25%
Town of Washington
25%
Village of Fall Creek
25%
Town of Clear Creek
23%
Town of Fairchild
23%
Town of Union
23%
Village of Fairchild
23%
Town of Bridge Creek
21%
Town of Ludington
21%
Town of Wilson
21%
Town of Brunswick
19%
Town of Drammen
19%
Town of Otter Creek
19%
Town of Pleasant Valley
19%

Score Distribution

Percentile by Number Answered

Percent of People with Each Score

Your Score History

You have not taken this quiz